000 01418nam a22002057a 4500
999 _c59428
_d59428
003 Ge_BSU
005 20230215135137.0
008 230215s2008 ge ||||| |||| 00| 0 geo d
020 _a9781604422641
041 _ageo
080 _a34(479.22)(072) პ-73
245 _aპრაქტიკული სამართლის სწავლება საქართველოში :
_bსახელმძღვ. ტრენერებისათვის /
_cამერიკის იურისტთა ასოციაცია კანონის უზენაესობის ინიციატივა (ABA/ROL Initiative) ; [სახელმძღვ. მოამზადა მედეა მათიაშვილმა ; ნაშრომზე ასევე მუშაობდა ნინო ხურციძე].
264 _a[თბილისი] :
_bUSAID,
_c[2008].
300 _a133 გვ. ;
_b 25 სმ.
653 _aპრაქტიკული სამართალი
700 _aმათიაშვილი, მედეა
_eავტორი
_9742
700 _aხურციძე, ნინო
_eავტორი
_9741
710 _a ამერიკის იურისტთა ასოციაცია კანონის უზენაესობის ინიციატივა
_916917
942 _2udc
_cBK